Zig zag west and north from Wellington - Statistics

General Stats
  • This quiz has been taken 54 times
  • The average score is 19 of 26
Answer Stats
Starting city Direction Country % Correct
Wellington W Australia
100%
Canberra
100%
Dili
90%
W East Timor
90%
N Indonesia
90%
Jakarta
90%
N Papua New Guinea
78%
Port Moresby
78%
W Canada
76%
Ottawa
76%
Brasilia
71%
W Brazil
71%
Dodoma
67%
W Tanzania
67%
Brazzaville
65%
W Democratic Republic of the Congo
65%
N Kenya
65%
Kinshasa
65%
Nairobi (fly over Tanzania)
65%
N Republic of the Congo
65%
Kampala
63%
Kigali
63%
W Rwanda
63%
N Uganda
63%
N Greenland
45%
Nuuk
45%
No matching quizzes found
Score Distribution
Percent of People with Each Score
Percentile by Number Answered
Your Score History
You have not taken this quiz